[Event "Bugojno"]
[Site "Bugojno"]
[Date "1978.02.27"]
[Round "2"]
[White "Portisch, Lajos"]
[Black "Timman, Jan H"]
[Result "0-1"]
[WhiteElo "2630"]
[BlackElo "2585"]
[Annotator "Bulletin"]
[PlyCount "120"]
[EventDate "1978.02.27"]
[EventType "tourn"]
[EventRounds "15"]
[EventCountry "YUG"]
[EventCategory "14"]
[SourceTitle "MCL"]
[Source "ChessBase"]
[SourceDate "1999.07.01"]
[SourceVersion "1"]
[SourceVersionDate "1999.07.01"]
[SourceQuality "1"]

1. Nf3 g6 2. c4 Bg7 3. d4 Nf6 4. g3 O-O 5. Bg2 d6 6. Nc3 Nc6 7. O-O a6 8. d5
Na5 9. Nd2 $1 c5 10. Qc2 Rb8 11. b3 b5 12. Bb2 bxc4 13. bxc4 Bh6 14. f4 e5 15.
dxe6 Bxe6 (15... fxe6 16. Nce4 Ng4 $2 17. Nb3 $1 Nxb3 18. axb3 Bg7 19. Bxg7
Kxg7 20. Qc3+ Kg8 21. Rfd1 $18 {Portisch-van der Sterren, Wijk aan Zee 1978})
16. Nd5 Bxd5 17. cxd5 Bg7 (17... Ng4 18. Bc3 Ne3 19. Qa4 Rb5 20. Rfb1 Bg7 21.
Bxg7 Rxb1+ 22. Rxb1 Kxg7 23. Qa3 $16 {Csom-Ghitescu, Moscow 1977}) 18. Bc3 Re8
19. e4 Nd7 20. Bxg7 Kxg7 21. Qc3+ Kg8 22. Rab1 Qc7 23. Bh3 Nb7 24. Rbe1 (24. e5
$1 dxe5 25. Bxd7 Qxd7 26. Ne4 Qe7 27. fxe5 $18) 24... Nb6 25. f5 c4 26. f6 (26.
fxg6 hxg6 27. Rf4 $5 Qe7) 26... Nc5 $1 27. Qe3 (27. Qf3 $5 Nd3 28. Rb1) 27...
Nxd5 28. Qh6 (28. Qg5 Nxf6 29. Qxf6 Nd3 30. Rb1 c3) 28... Nxf6 29. Rxf6 c3 30.
Nb3 Nxe4 31. Rff1 d5 32. Bg2 a5 33. Bxe4 dxe4 34. Qe3 Rb4 $1 35. Rc1 Rc4 36.
Rc2 Rd8 37. Nc1 h5 38. Ne2 $6 Rd3 39. Qh6 Qb6+ 40. Kg2 e3 41. Rxf7 Kxf7 42.
Qh7+ Kf6 43. Rc1 Rd2 44. Rf1+ Ke5 45. Qg7+ Ke4 46. Rf6 Rxe2+ 47. Kh3 Qxf6 48.
Qxf6 c2 49. Qxg6+ Kd4 50. Qd6+ Kc3 51. Qe5+ Kd3 52. Qf5+ Re4 53. Qb5+ Rc4 54.
Qf5+ Kc3 55. Qe5+ Rd4 56. Qxa5+ Kd3 57. Qa3+ Kd2 58. Qb2 Rd3 59. Qb4+ Kd1 60.
Qa4 Rdd2 0-1

[Event "Dortmund-A"]
[Site "Dortmund"]
[Date "1991.??.??"]
[Round "3"]
[White "Stohl, Igor"]
[Black "Kindermann, Stefan"]
[Result "1-0"]
[WhiteElo "2550"]
[BlackElo "2515"]
[Annotator "Stohl,I"]
[PlyCount "67"]
[EventDate "1991.03.23"]
[EventType "tourn"]
[EventRounds "9"]
[EventCountry "GER"]
[EventCategory "12"]
[SourceTitle "CBM 023"]
[Source "ChessBase"]
[SourceDate "1991.08.01"]
[SourceVersion "1"]
[SourceVersionDate "1991.08.01"]
[SourceQuality "1"]

1. Nf3 Nf6 2. c4 g6 3. g3 Bg7 4. Bg2 O-O 5. d4 d6 6. Nc3 Nc6 7. O-O a6 8. d5
Na5 9. Nd2 c5 10. Qc2 Rb8 11. b3 b5 12. Bb2 Bh6 (12... bxc4 13. bxc4 Bh6 14.
Ncb1 $5 $14) 13. f4 bxc4 14. bxc4 e5 15. dxe6 (15. Rae1 $6 exf4 16. gxf4 Nh5
17. e3 Bg7 18. Nd1 Bf5 19. Be4 Bxb2 20. Nxb2 Rxb2 21. Qxb2 Nxc4 22. Nxc4 Bxe4
$36 {Kasparov}) 15... Bxe6 16. Nd5 Bxd5 (16... Rxb2 17. Qxb2 Bg7 18. Qc1 $5 (
18. Qa3 Nxc4 19. Nxc4 Nxd5 20. Rac1 Nb4 $146) 18... Ng4 19. Rb1 Bxd5 20. Bxd5
Ne3 21. Re1 Re8 22. Nf3 Bf6 23. Kh1 Kf8 24. Qa3 $1 Nc2 25. Qd3 Nxe1 26. Nxe1
Qc7 27. Nc2 Rb8 28. Ne3 Rxb1+ 29. Qxb1 Bd4 30. Nf1 Nc6 31. e3 Bf6 32. a3 Qb8
33. Qd3 Nd8 34. Nd2 Bg7 35. Bf3 Ne6 36. Ne4 Ke7 37. g4 h6 38. h4 $16 {C,
Hansen-Ernst,T,Lugano op 1987}) 17. cxd5 Ng4 18. Nb3 $1 (18. Qc3 $2 Rxb2 $15) (
18. Bc3 Ne3 19. Qa4 Rb5 20. Rfb1 Qe8 $1 21. Qe4 $5 $13 (21. Rxb5 axb5 22. Qxa5
Nxg2 23. Kxg2 $6 Qxe2+ 24. Kg1 b4 25. Bxb4 Bg7 $17)) 18... f5 $5 {N} (18... Bg7
$2 19. Bxg7 Kxg7 20. Qc3+) (18... Nxb3 19. axb3 Qb6 20. Qc3 c4+ 21. Kh1 f6 22.
Bh3 Nf2+ (22... Ne3 23. Be6+ Kh8 24. Rf3 Qxb3 25. Rxe3 Qxb2 26. Rxa6 Qb1+ 27.
Kg2 Rb3 28. Qd4 $16 {><h6}) 23. Rxf2 Qxf2 24. Be6+ Kh8 25. Qxc4 Qb6 (25... Qe3
$6 26. Bc3 Rb5 27. b4 $18) 26. Bd4 $1 $16 {Browne,W-Timman,J,Wijk 1980}) 19. h3
(19. Qc3 $6 Qf6 20. Qxf6 (20. Qc1 Nxb3 $13) (20. Qd2 Nc4 $10) 20... Nxf6 21.
Bxf6 Nxb3 22. axb3 Rxf6 23. Rxa6 Rxb3 $10) 19... Nf6 $8 (19... Ne3 $2 20. Qc3
Nxf1 21. Qh8+ Kf7 22. Qxh7+ Ke8 23. Qxh6 $1 Ne3 (23... Nxb3 24. axb3 Rxb3 25.
Bg7 $18) 24. Qxg6+ Rf7 25. Bf3 $18) 20. Nd2 $1 {><a5|^[+]} (20. Bc3 Nxb3 21.
axb3 Qb6 $13) 20... Nh5 (20... Re8 21. Bf3 $14 (21. Bc3 $6 Nh5 22. Qa4 Nxg3 23.
Bxa5 Nxe2+ 24. Kh2 Qh4 $40)) 21. Kh2 Re8 22. e4 (22. Bf3 $2 Nxg3 $1 23. Kxg3
Bxf4+ $1 24. Kg2 Bxd2 $19) (22. Rae1 Re3 $132) 22... Rxb2 $2 (22... fxe4 $8 23.
Nxe4 (23. Bxe4 Rxb2 24. Qxb2 Bg7 25. Qc2 Bxa1 26. Rxa1 Qf6 $13) 23... Nc4 (
23... Rxb2 24. Qxb2 Bg7 25. Qc2 Bxa1 26. Rxa1 Nf6 27. Ng5 $16) 24. Qxc4 $5 (24.
Bc1 Bg7 25. Rb1 Rxb1 26. Qxb1 Qa5 27. Qb3 Qb4 $132) 24... Rxb2 25. Rab1 Rxb1 (
25... Qb6 26. Rxb2 Qxb2 27. Nxd6 $1 Re2 28. Rg1 Bg7 29. Qxc5 $1 $16) 26. Rxb1
Nf6 27. Rb8 $1 $14) 23. Qxb2 Bg7 24. Qc2 Bxa1 25. Rxa1 $16 {><a5} Qf6 (25...
fxe4 26. Nxe4 $16) 26. Qa4 $1 (26. e5 $2 dxe5 27. Qa4 Qd8) 26... Re7 (26...
Qxa1 27. Qxe8+ Kg7 28. Qe7+ Kh6 29. Qf8+ Qg7 30. Qxd6 $18) (26... Rb8 27. e5 $1
(27. Rb1 Rxb1 28. Nxb1 Qb2 $132 {><g3}) (27. Rc1 Rb5 $5 {/\} 28. Bf1 Rb2 29.
Qxa5 Qd4 $10) 27... dxe5 28. Qxa5 exf4 29. Re1 fxg3+ (29... Qg5 30. Nf3 $18)
30. Kh1 $18 {/\Qc7,d6}) 27. Qxa5 $1 (27. e5 dxe5 28. Qxa5 $16) 27... Qxa1 28.
Qd8+ Kf7 29. Nc4 Qf6 $8 (29... Rxe4 30. Nxd6+ Kg7 31. Bxe4 fxe4 32. Qe7+ Kh6
33. Nf7+ Kg7 34. Ng5+ $18) 30. Nxd6+ Kg7 31. e5 $1 Qf8 32. Qb6 $18 {[+]} g5
$138 33. Qxc5 {/\Nf5} Kg6 34. Nxf5 $1 (34. Nxf5 Kxf5 (34... Re8 35. Qc6+ $18)
35. Qc2# {[Stohl,I]}) 1-0

[Event "Baden-Baden"]
[Site "Baden-Baden"]
[Date "1992.12.15"]
[Round "10"]
[White "Jussupow, Artur"]
[Black "Kindermann, Stefan"]
[Result "1-0"]
[WhiteElo "2640"]
[BlackElo "2505"]
[Annotator "Jussupow,A"]
[PlyCount "69"]
[EventDate "1992.12.??"]
[EventType "tourn"]
[EventRounds "11"]
[EventCountry "GER"]
[EventCategory "14"]
[SourceTitle "CBM 033"]
[Source "ChessBase"]
[SourceDate "1993.04.01"]
[SourceVersion "1"]
[SourceVersionDate "1993.04.01"]
[SourceQuality "1"]

1. d4 Nf6 2. c4 g6 3. Nf3 Bg7 4. g3 O-O 5. Bg2 d6 6. O-O Nc6 7. Nc3 a6 8. d5
Na5 9. Nd2 c5 10. Qc2 Rb8 11. b3 b5 12. Bb2 Bh6 13. f4 bxc4 14. bxc4 e5 15.
dxe6 Bxe6 16. Nd5 Rxb2 17. Qxb2 Bg7 18. Qc1 {-ECO E66/(101)} Bxd5 (18... Nxd5
19. cxd5 Bxa1 20. Qxa1 Bf5 21. e4 $16) (18... Ng4 19. Rb1 (19. h3 $6 Bd4+ (
19... Bxd5 20. Bxd5 Ne3 21. Rb1 Re8 22. Re1 (22. Nf3 $5 Nxf1 23. Kxf1 Qd7 24.
Ng5 $13) 22... g5 $1 $13 23. Nf3 gxf4 24. gxf4 Kf8 $1 $36 {Kirov,N-Zadrima,A
Istambul 1980 -30/703}) 20. Kh1 Ne3 21. Nxe3 Bxe3 22. Qc2 Re8 23. Rad1 Bf5 24.
Qa4 Bd7 $10 {Marosi-Adorjan,A Budapest 1982}) 19... Re8 (19... Bxd5 20. Bxd5
Ne3 21. Re1 Re8 22. Nf3 Bf6 (22... h6 $5 {/\g5}) 23. Kh1 Kf8 24. Qa3 Nc2 25.
Qd3 Nxe1 26. Nxe1 Qc7 27. Nc2 $14 {Hansen,C-Ernst,K Lugano 1987}) (19... Bd4+
20. Kh1 Bxd5 (20... Ne3 21. Nxe3 Bxe3 22. Qc2 (22. Qc3 $5) 22... Bxd2 (22...
Re8 $1 {-Marosi-Adorjan}) 23. Qxd2 Nxc4 24. Qd3 $14 {Anikaev,Y-Gurevich,M USSR
1985}) 21. Bxd5 Ne3 22. Re1 Qd7 23. Nf3 Qh3 24. Nxd4 cxd4 25. Qd2 h5 (25... Ng4
26. e4 dxe3 27. Rxe3 $16) 26. Qxd4 $16 {Anikaev,Y-Shulman,V Riga 1982}) 20. e4
Bd4+ 21. Kh1 Nf2+ 22. Rxf2 Bxf2 23. Nf3 (23. e5 $6 dxe5 24. Ne4 Bxd5 25. cxd5
Bd4 26. f5 gxf5 $17 {Kelecevic,V-Inkov,V Pernik 1981 -31/677}) 23... Bd4 (23...
Nc6 $5) (23... Bxd5 $2 24. cxd5 c4 25. Qd2 Ba7 26. e5 Re7 27. e6 $1 $40 {
Taksryd,V-David corr 1985}) 24. Nxd4 cxd4 25. Qd2 Nxc4 26. Qxd4 Bxd5 $10 {
/\Ne3 Ribli ECO}) 19. cxd5 (19. Bxd5 Ng4 (19... Nxd5 20. cxd5 Bxa1 21. Qxa1 Re8
22. e4 $14) 20. Rb1 Ne3 21. Re1 (21. Qa3 $5) 21... Re8 22. Nf3 h6 23. h3 $14 g5
24. fxg5 hxg5 25. Qd2 g4 26. hxg4 Naxc4 27. Bxc4 Nxc4 28. Qf4 $16 {Danailov,
S-Ornstein,A Pamporovo 1981}) 19... Ng4 20. Rb1 Bd4+ (20... Ne3 21. Re1 (21.
Bf3 $5) (21. Qa3 Re8 $5 22. Rf2 Ng4) 21... Re8 22. Bf3 g5 23. fxg5 Qxg5 24. Qa3
$13 {1/2-1/2 Schlemermeyer,W-Neurohr,S Bl 1989}) 21. Kh1 Ne3 22. Qa3 (22. Re1
g5 (22... Re8 23. Nf3 Bf6) 23. Nf3 gxf4 24. gxf4 Qf6 $13) 22... Re8 {/\Ng2} (
22... Nxf1 23. Bxf1 Re8 (23... c4 24. e3 c3 (24... Bc5 25. Qc3 Re8 26. e4 f5
27. Bg2 $16) 25. exd4 cxd2 26. Qc3 Qe7 27. Rd1 $16) 24. e4 {><a6,a5}) 23. Qd3
$5 (23. Bf3 Nxf1 24. Rxf1 c4) 23... Qa8 $1 (23... Nxf1 24. Nxf1 {><a6} (24.
Bxf1 Re3 25. Qxa6 Ra3 $13)) 24. Bf3 (24. Rf3 $6 Nxg2 25. Kxg2 Qxd5 $17 26. e3
$2 Rxe3) 24... Nxf1 25. Nxf1 Qa7 (25... Rb8 $142 $3 26. Rxb8+ Qxb8 27. Qxa6 Qb1
28. Kg2 c4 $1 (28... Qxa2 $2 29. Qxd6 $16 c4 30. Qb8+ Kg7 31. d6) 29. Qa8+ $1
Kg7 30. Qxa5 c3 31. Qa4 Bc5 $1 (31... c2 $2 32. Qxd4+ Kg8 33. Nd2 $1 Qd1 34. e3
$18) 32. Be4 Qe1 33. e3 Qe2+ 34. Kg1 Bxe3+ 35. Nxe3 Qxe3+ 36. Kf1 f5 $1 $10)
26. Nd2 $14 Re3 27. Qc2 f5 $2 (27... Qd7 $5 28. Ne4 (28. Rb6 Rc3 $132) 28... h6
29. g4 $14) (27... Ra3 28. Ne4 Qe7 $14) 28. Qa4 $5 (28. g4 $5 fxg4 29. Bxg4 Qa8
$132) 28... Qc7 29. g4 $1 fxg4 30. Bxg4 Kg7 (30... c4 31. Nf3 Bf6 32. Be6+ Kg7)
31. Nf3 Bf6 32. Be6 (32. Ng5 Bxg5 33. fxg5 Qe7 $132 (33... Qf7)) 32... c4 (
32... Rxe2 33. f5 $40) 33. f5 $1 Rxe2 (33... c3 34. fxg6 c2 (34... hxg6 35. Rg1
c2 36. Qe8 g5 37. Nxg5 c1=Q 38. Qg8+ Kh6 39. Nf7+ Qxf7 40. Qxf7 $18) 35. Rc1
Rxe2 36. gxh7 $40) 34. Rg1 $40 (34. Qe8 Qe7 35. Qg8+ Kh6 36. fxg6 hxg6 37. Rg1
Qg7 $13) 34... Rf2 $2 $138 (34... Qd8 $142 $1 35. fxg6 h6 $16 {Psakhis}) (34...
Rxe6 35. fxe6 $16 (35. dxe6 $16)) 35. Qe8 $1 $18 {/\Rg6 Yusupov} 1-0

[Event "Elenite"]
[Site "Elenite"]
[Date "1993.??.??"]
[Round "11"]
[White "Georgiev, Kiril"]
[Black "Georgiev, Krum"]
[Result "1-0"]
[WhiteElo "2660"]
[BlackElo "2475"]
[Annotator "Dautov,R"]
[PlyCount "59"]
[EventDate "1993.??.??"]
[EventType "tourn"]
[EventRounds "11"]
[EventCountry "BUL"]
[EventCategory "14"]
[SourceTitle "CBM 038"]
[Source "ChessBase"]
[SourceDate "1994.02.01"]
[SourceVersion "1"]
[SourceVersionDate "1994.02.01"]
[SourceQuality "1"]

1. d4 Nf6 2. c4 g6 3. Nf3 Bg7 4. g3 O-O 5. Bg2 c5 6. O-O Nc6 7. Nc3 d6 8. d5
Na5 9. Nd2 a6 10. Qc2 Bd7 11. b3 b5 12. Bb2 Rb8 13. Nd1 (13. Rae1 $5 $14 {/\Nd1
}) 13... e6 (13... e5 $5 {>=} 14. Bc3 Nh5 15. e3 f5 16. f4 Nb7 17. Nf2 Qe7 18.
Rfe1 b4 19. Bb2 Rbe8 20. fxe5 Bxe5 21. a3 a5 22. Bxe5 Qxe5 23. axb4 axb4 24.
Ra7 Bc8 25. Nd3 Qe7 26. Bf3 $14 {Udovcic-Pavlov/Hamburg EUchT/1965}) 14. e4
bxc4 15. bxc4 Re8 (15... exd5 16. cxd5 Re8 17. f3 h5 18. Bc3 h4 19. g4 Bh6 20.
h3 Bf4 21. Nf2 Nh7 22. Kh1 Bg3 23. Nd3 Bb5 24. f4 Nc4 25. Nxc4 Bxc4 26. Bd2 Bb5
27. a4 Bd7 28. e5 $16 {->Kolev,At-Georgiev,Kr/Elenite/1993}) 16. Bc3 exd5 17.
exd5 (17. cxd5 $2 Bb5 18. Re1 Nxd5 $17) 17... Ng4 $6 (17... Bf5 $6 18. Qa4 Nb7
19. Ne3 Bd3 20. Rfe1 Ng4 21. Bxg7 Nxe3 22. Rxe3 Rxe3 23. fxe3 Kxg7 24. Qb3 Qf6
(24... Bf5 25. e4 Bd7 26. Qb2+ $16 {/\Rb1}) 25. Re1 Bf5 26. e4 Qd4+ (26... Bd7
27. Nf3 $16 {/\e5}) 27. Qe3 Qxe3+ 28. Rxe3 Bd7 29. Rb3 $16) (17... Nh5 {>=} 18.
Bxg7 Kxg7 19. Ne3 (19. Qc3+ $2 Qf6 $10) 19... f5 $1 {><e4} (19... Qf6 $2 20.
Ne4 Qe5 21. Nxd6 $16) 20. Qc3+ Nf6 21. Rab1 Qc7 22. h4 Kf7 $14) 18. Bxg7 Kxg7
19. h3 $16 Qf6 $2 (19... Ne5 $2 20. f4 Bf5 21. Qc3 $18) (19... Nh6 20. Ne3 f5
21. Qc3+ Kg8 22. Rab1 Qc7 23. h4 Nf7 24. h5 $40) (19... Nf6 20. Qc3 Kg8 21. Ne3
$16) 20. Rc1 Nh6 21. Ne4 Rxe4 (21... Qe5 22. Nxd6 Qxd6 23. Qc3+ Kg8 24. Qxa5
Nf5 25. Nc3 $16) 22. Qxe4 $18 Nf5 23. Qd3 Rb4 (23... Nd4 24. Re1 $1 (24. Ne3 $6
Rb2) (24. Qd2 $2 Bxh3) 24... Rb6 25. Qa3 Nb7 26. Nc3 Nf3+ 27. Bxf3 Qxf3 28. Re3
Qh5 29. h4 $18) 24. a3 Ra4 25. Re1 Nd4 26. Nb2 Nf3+ 27. Qxf3 Qxb2 28. Qf4 Qf6
29. Qxf6+ Kxf6 30. Bf1 (30. Bf1 Rxa3 31. Ra1 Rxa1 32. Rxa1 Nb3 33. Rxa6 Ke7 34.
Ra7 $18) 1-0

[Event "Linares 12th"]
[Site "Linares"]
[Date "1994.??.??"]
[Round "12"]
[White "Beliavsky, Alexander G"]
[Black "Kasparov, Garry"]
[Result "1/2-1/2"]
[WhiteElo "2650"]
[BlackElo "2805"]
[Annotator "Dautov,R"]
[PlyCount "81"]
[EventDate "1994.02.??"]
[EventType "tourn"]
[EventRounds "13"]
[EventCountry "ESP"]
[EventCategory "18"]
[SourceTitle "CBM 040"]
[Source "ChessBase"]
[SourceDate "1994.06.01"]
[SourceVersion "1"]
[SourceVersionDate "1994.06.01"]
[SourceQuality "1"]

1. d4 Nf6 2. c4 g6 3. g3 c5 4. Nf3 Bg7 5. Bg2 O-O 6. O-O d6 7. Nc3 Nc6 8. d5
Na5 9. Nd2 e5 10. b3 (10. e4 Ng4 11. h3 Nh6) (10. a3 b6 11. b4 Nb7 12. Bb2 Ng4
13. h3 Nh6 14. e3 f5 15. f4 Nf7 $13) 10... Bd7 $146 (10... Ng4 11. e4 f5 12.
exf5 gxf5 13. h3 Nh6 14. Bb2 {/\Ne2,f4}) 11. Bb2 Ng4 12. h3 Nh6 13. e3 $5 f5
14. f4 a6 15. Qc2 (15. Ne2 $5 Re8 (15... e4 16. Bxg7 Kxg7 17. Qc2 {/\} Qf6 $6
18. g4 $1 $16) (15... exf4 16. Bxg7 Kxg7 17. exf4 Qf6 18. Qc2 Rfe8 19. Rae1 b5
$10) (15... b5 16. fxe5 dxe5 17. e4 $14) 16. e4 b5 $13) 15... b5 16. Nd1 Rb8
17. Bc3 (17. e4 $6 bxc4 18. bxc4 Rxb2 $1 19. Nxb2 exf4 20. Rxf4 Be5 21. Rf3 Qg5
$36) (17. fxe5 dxe5 {/\Nb7-d6,Nf7-d6} 18. b4 $6 cxb4 (18... Nxc4 19. Nxc4 bxc4
20. bxc5 $16) (18... Nb7 19. cxb5 Bxb5 20. bxc5 Bxf1 21. Nxf1 $44) 19. c5 Nc4
$1 20. Nxc4 (20. c6 $2 Nxd2 21. Qxd2 Bxc6 $19) 20... bxc4 21. Qxc4 (21. c6 c3
22. Bxc3 bxc3 23. cxd7 Qxd7 24. Nxc3 e4 $17) 21... Bb5 22. Qb3 Bxf1 23. d6+ Kh8
24. Bxf1 Qg5 $17) 17... Re8 18. Rb1 {/\Nf2} (18. Nf2 $6 bxc4 19. bxc4 exf4 20.
Bxg7 Kxg7 21. exf4 Re3 22. Kh2 Qf6 $15) 18... Nf7 19. Nf2 exf4 (19... bxc4 20.
bxc4 Rxb1 21. Rxb1 exf4 22. exf4 Re3 23. Bxg7 Kxg7 24. Nf1 $16) 20. exf4 Re3
21. Bxg7 Kxg7 22. Rfe1 $1 Rxe1+ (22... Rxg3 $2 23. Nf1 $16) 23. Rxe1 Qf6 {
/\ bc4} (23... bxc4 $2 24. Qc3+ Kg8 25. bxc4 $16) 24. cxb5 axb5 25. b4 $1 $10
cxb4 (25... Nb7 26. bxc5 (26. a3 $6 Ra8) 26... Nxc5 27. Nb3 Rc8 28. Nxc5 Rxc5 (
28... dxc5 $2 29. Nd3 Qd4+ 30. Kh2 c4 31. Ne5 $16) 29. Qd2 $10) 26. Qc7 Qd8 $8
27. Qxd8 Rxd8 28. Nd3 Rc8 29. Nxb4 Kf6 30. Kf2 Nd8 31. Bf1 Ndb7 32. Re3 h6 33.
Re1 g5 34. Re3 Rc7 35. Re1 Rc8 36. Re3 Rc7 37. h4 g4 38. Re1 Rc3 39. Re3 Rc1
40. Re1 Rc3 41. Re3 1/2-1/2

[Event "Horgen CS"]
[Site "Horgen"]
[Date "1994.??.??"]
[Round "11"]
[White "Gavrikov, Viktor"]
[Black "Gelfand, Boris"]
[Result "1/2-1/2"]
[WhiteElo "2600"]
[BlackElo "2680"]
[Annotator "Gelfand,B"]
[PlyCount "68"]
[EventDate "1994.09.??"]
[EventType "tourn"]
[EventRounds "11"]
[EventCountry "SUI"]
[EventCategory "16"]
[SourceTitle "CBM 043"]
[Source "ChessBase"]
[SourceDate "1994.12.01"]
[SourceVersion "1"]
[SourceVersionDate "1994.12.01"]
[SourceQuality "1"]

1. Nf3 {Dautov} Nf6 2. c4 g6 3. g3 Bg7 4. Bg2 O-O 5. d4 d6 6. O-O Nc6 7. Nc3 a6
8. d5 Na5 9. Nd2 c5 10. Qc2 Rb8 11. b3 b5 12. Rb1 e5 13. cxb5 (13. a3 bxc4 14.
bxc4 Bf5 15. e4 Bd7 {Gomes-Maki,1989}) (13. e4 Bd7 14. Nd1 Ne8 15. Bb2 f5 16.
exf5 gxf5 17. f3 Nf6 18. Bc3 Bh6 19. Qd3 Nh5 20. Nf2 b4 21. Bb2 Qg5 {
Cvitan+Belotti,1992}) 13... axb5 14. b4 cxb4 15. Rxb4 Qc7 (15... Ba6 16. Ba3 (
16. Qb1 Qc7 17. Bb2 Bh6 18. e3 Nc4 19. Nxc4 bxc4 {Pavlovic=Organidzev,1991})
16... Nd7 17. Rfb1 Rc8 18. Bb2 Nb6 19. Qd3 f5 20. Nxb5 Rc5 21. e4 Bh6 22. Nb3
Rc4 23. Bc3 $1 $16 {Bowmeister-Timman,1981}) (15... Bd7 16. Ba3 (16. Qb1 Qc7
17. Bb2 Bh6 18. e3 Nc4 19. Nxc4 bxc4 20. Bc1 Rxb4 21. Qxb4 Rb8 22. Qa3 Qb6 $15
{Cvitan-Gunavan,1988} (22... Qb6 {Dautov} 23. h3 Ne8 24. Re1 $13 {/\Re2-b2,
Cvitan-Gunavan/Sarajevo/1988})) (16. Qd3 Nb7 (16... Qe8 17. Qb1 Bf5 18. Qb2 e4
{Bogdan=Susterman,1993}) (16... Ne8 17. Ba3 $2 Nc7 18. Rfb1 f5 19. e4 Ra8 20.
Bc1 Na6 $15 {Veldon-Byrne,1987} (20... Na6 21. Rxb5 Bxb5 22. Qxb5 Qc7 $17 {
Weldon-Byrne/New York op/1987})) 17. Qb1 Nc5 18. Nxb5 Bf5 19. e4 Nxd5 20. exf5
Nxb4 21. Qxb4 Nd3 22. Qc4 Nxc1 23. Rxc1 Qa5 {Vukic=Filipovic,1988}) 16... Ne8 (
16... Rc8 17. Bb2 Qb6 18. Qb1 Bh6 19. e3 Bxe3 20. fxe3 Qxe3+ 21. Rf2 Ng4 22.
Rxg4 Bxg4 23. Qe4 {Volkov+Anapolsky,1992}) 17. Rfb1 Rc8 18. Bb2 Nc7 19. Qd1 f5
20. a4 bxa4 21. Rb6 e4 {Panzalov+Nicevsky,1991}) 16. Qd3 (16. Ba3 Bh6 17. e3
Bf5 18. Qb2 Bd3 19. Rc1 Qa7 (19... Rfc8 $5 20. Bh3 Nd7 $13) 20. Bf1 Bxf1 21.
Rxf1 Nc4 22. Nxc4 bxc4 23. Kg2 Ra8 24. Ra4 Qc7 {Portish+Marin,ol,1992} (24...
Qd7 {Dautov} 25. Rxa8 Rxa8 26. Bb4 Qb7 27. Rd1 $16 {Portisch-Marin/Manila olm/
1992})) 16... Ba6 (16... Bf5 $5) 17. Ba3 Nd7 (17... Rfc8 18. Rc1 Qd7 $14) (
17... Nc4 {Dautov} 18. Nxc4 bxc4 19. Qc2 Rxb4 20. Bxb4 $14) (17... Rb6 {
Dautov >=} 18. Rfb1 Rfb8 {/\Nd7}) 18. Nxb5 Qb6 (18... Bxb5 $2 {Dautov} 19. Rxb5
Rxb5 20. Qxb5 Rb8 21. Bxd6 $18) 19. Rfb1 Nc5 (19... Rfc8 {Dautov} 20. Ne4 Nc5
21. Qe3 Nxe4 22. Qxe4 f5 23. Qh4 Bxb5 24. Rxb5 Qxb5 25. Rxb5 Rxb5 26. Qe7 $16)
20. Qc2 (20. Nxd6 Bxd3 (20... Qxd6 21. Qc2 $1) 21. Rxb6 Bxb1 22. Rxb1 (22. Bxc5
Bxa2) 22... Rxb1+ 23. Nxb1 Rb8 $13) 20... Bxb5 21. Rxb5 Qxb5 22. Rxb5 Rxb5 23.
Ne4 $1 Nab7 (23... Nxe4 {Dautov} 24. Bxe4 Nb7 (24... Rd8 25. Qa4 $16) 25. Bd3
Rxd5 (25... Rb6 $2 26. Qc7 $18) (25... Ra5 26. Bb4 Ra7 27. a4 Rfa8 28. Bb5 $16)
26. Qc6 Ra5 27. Bb4 Ra7 (27... Nd8 28. Qc2 $16) 28. Qb6 Rfa8 29. Be4 $18) 24.
Bxc5 Rxc5 (24... dxc5 25. d6 $16 (25. d6 {Dautov} Rd8 26. Nc3 Rb6 27. Na4 $18))
(24... Nxc5 {Dautov} 25. Nxd6 $16) 25. Nxc5 (25. Qb2 $1 {Dautov >=} Rc7 (25...
f5 26. Nxc5 Nxc5 27. Qb6 $18) 26. Qb6 Rfc8 (26... Rc1+ 27. Bf1 f5 (27... Nc5
28. Nxd6 $16) 28. Nxd6 Nxd6 29. Qxd6 $16) (26... Rd7 27. a4 f5 (27... Ra8 28.
Qc6 Rad8 29. g4 $5 $16) 28. Qc6 Rfd8 29. Ng5 $16) 27. Bh3 Rc1+ (27... f5 28.
Nxd6 Nxd6 29. Qxd6 e4 30. g4 $16) 28. Kg2 R8c7 29. Nxd6 Nxd6 30. Qxd6 $16)
25... Nxc5 26. e4 Ra8 27. Bf1 Ra4 28. Bc4 (28. f3 {Dautov} Bh6 29. Qb2 (29. Bb5
Rd4 30. a4 Bd2 31. Kf2 Ba5 32. Ke2 Kg7 $44) 29... Be3+ 30. Kh1 Bd4 31. Qb8+ Kg7
32. Qxd6 Rxa2 33. h4 Rf2 34. Bg2 Nd3 $40) 28... Bf6 29. Kf1 Kg7 30. Ke2 Bd8 31.
f3 Bg5 (31... Ba5 $5 32. h4 (32. f4 {Dautov} f6 33. h4 $14) 32... h5 33. f4
$140 f6) 32. Qc3 (32. Bb3 Rd4 33. Qc3 $5 Bd8 34. Bc2 $14) (32. h4 {Dautov} Bd8
33. f4 exf4 34. gxf4 Bxh4 35. e5 Be7) (32. Bb5 {Dautov} Rb4 33. a4 Bd8 34. Bc6
Ba5 $10) 32... Bd8 33. Qc2 (33. Bb3 Ba5 34. Qxc5 (34. Qc2 Rd4) 34... Rxa2+ 35.
Bxa2 dxc5 36. d6 c4 $1 $10) 33... Bg5 34. Qc3 Bd8 1/2-1/2

[Event "Ciocaltea Memorial"]
[Site "Bucharest"]
[Date "1995.??.??"]
[Round "5"]
[White "Marin, Mihail"]
[Black "Istratescu, Andrei"]
[Result "1-0"]
[WhiteElo "2540"]
[BlackElo "2505"]
[Annotator "Dautov,R"]
[PlyCount "81"]
[EventDate "1995.02.??"]
[EventType "tourn"]
[EventRounds "11"]
[EventCountry "ROU"]
[EventCategory "10"]
[SourceTitle "CBM 048"]
[Source "ChessBase"]
[SourceDate "1995.10.01"]
[SourceVersion "1"]
[SourceVersionDate "1995.10.01"]
[SourceQuality "1"]

1. d4 {Baburin} Nf6 2. Nf3 g6 3. g3 Bg7 4. Bg2 O-O 5. O-O d6 6. c4 Nc6 7. Nc3
a6 8. d5 Na5 9. Nd2 c5 {Baburin In this variation White tries to keep the N on
a5 out of play and attack on the Kside, while Black usually employs the N
attacking the c4-pawn.} 10. Qc2 Rb8 11. b3 b5 12. Bb2 Bh6 13. f4 bxc4 14. bxc4
e5 15. dxe6 Bxe6 16. Nd5 Rxb2 17. Qxb2 Bg7 18. Qc1 Bxd5 19. cxd5 (19. Bxd5 Nxd5
(19... Ng4 20. Rb1 Ne3 21. Re1 Re8 22. Nf3 $14) 20. cxd5 Qf6 $1 (20... Bxa1 21.
Qxa1 $14) 21. Rb1 Qd4+ 22. Kg2 Qxd5+ 23. Nf3 Qxa2 24. Qd2 Qxd2 25. Nxd2 Re8 $10
{Izeta,F-Mecking,H/Linares op ;EXP 45 1995}) 19... Ng4 20. Rb1 Bd4+ 21. Kh1
Nf2+ $6 {N} (21... Ne3 {>=} 22. Qa3 $1 Re8 23. Qd3 $1 Qa8 24. Bf3 Nxf1 25. Nxf1
Qa7 (25... Rb8 $142 $1 {Yusupov,A}) 26. Nd2 Re3 27. Qc2 f5 $2 28. Qa4 Qc7 29.
g4 $1 $40 {Jusupov,A-Kindermann,S Baden-Baden 1992}) 22. Rxf2 Bxf2 23. Nf3 {
Baburin Although Black has regained the Exchange, his position is to be worse
due to the bad position of the Na5, which does nothing at the moment (there is
no pawn on c4!). White threatens to advance his eP: e2-e4-e5!} (23. Qb2 $6 Bd4
24. Qb6 Qxb6 25. Rxb6 c4 26. Rxa6 $2 c3 $19) 23... c4 {Baburin Black opens the
diagonal for the Bishop, which might be in trouble otherwise, e.g. after 23...
Qc7 24.Qc3 Rb8? 25.Rf1! On the other hand the cP becomes vulnerable.} (23...
Re8 24. e4 $1 Rxe4 $4 25. Qc2 $18) (23... Qe7 24. Qc3 Nb7 25. e4 $16) 24. e4
Qc7 25. Qc2 $1 (25. Qc3 Rb8 26. Rxb8+ Qxb8 $132) 25... Ba7 26. Qc3 Rb8 27.
Rxb8+ Bxb8 28. h4 $16 {[%csl Ra5,Rc4] ->>>,><c4,Na5} Ba7 (28... h5 29. e5 dxe5
30. fxe5 $16 Ba7 $2 31. e6 fxe6 32. Bh3 $1 exd5 (32... e5 33. Be6+ Kh7 34. Nxe5
Qb6 35. Nf3 $18) 33. Be6+ Kf8 34. Qf6+ Ke8 35. Ne5 $18) 29. h5 Nb7 (29... gxh5
30. Nh4 $1 Qc5 31. Kh2 Kf8 32. Nf5 Ke8 33. Qf6 $18) 30. Kh2 $5 (30. h6 $1 f6 $1
(30... Kf8 31. Qg7+ Ke7 32. Ng5 Nd8 33. Nxh7 $18) (30... f5 31. exf5 gxf5 32.
Nh4 $18) 31. Bf1 $1 $18 (31. Qxf6 $6 c3 (31... Nc5 32. Bh3 $18) 32. Ng5 Nd8 $1
(32... c2 $2 33. Qe6+ Kf8 34. Nxh7+ Qxh7 35. Qc8+ Kf7 36. Qxb7+ Kg8 37. Qa8+
$18) 33. Ne6 (33. Bh3 c2 34. Be6+ Nxe6 35. Qxe6+ Kf8 36. Nxh7+ Qxh7 37. Qc8+
Kf7 $10) 33... Nxe6 34. Qxe6+ Qf7 $1 (34... Kf8 $2 35. Qf6+ Kg8 36. Bh3 $18)
35. Qxd6 c2 36. Qc6 Qf8 37. Bh3 Bc5 $13)) 30... Nc5 31. Qxc4 Qe7 32. Nd4 Qf8
33. Nc6 Bb6 34. Qb4 Bc7 35. e5 Qh6 36. Bf3 $18 gxh5 37. Ne7+ Kf8 38. Nf5 Qg6
39. exd6 Bxd6 40. Qb6 Nb7 41. Be4 1-0